00286nam a2200109Ia 4500008004100000020002200041041000800063082002200071100001900093245003400112260003000146230411s9999 xx 000 0 und d a978-81-312-4991-9 aeng aPH/612/SKI/B08678 aSkidmore Linda aMosbys Nursing Drug Reference bElsevieraNew Delhic2016